Statistics for Hey Ya! Lyrics

Click here to take the quiz!

General Stats

  • This quiz has been taken 132 times
  • The average score is 44 of 61

Answer Stats

Lyrics% Correct
{Hey} {ya}! {Hey} {ya}!
98%
{Hey} {ya}! {Hey} {ya}!
98%
{Hey} {ya}! {Hey} {ya}!
98%
{Hey} {ya}! {Hey} {ya}!
98%
{Hey} {ya}!(oh, oh) {Hey} {ya}!(oh, oh)
98%
{Hey} {ya}!(oh, oh) {Hey} {ya}!(oh, oh)
98%
{Hey} {ya}!(oh, oh) {Hey} {ya}!(oh, oh)
98%
{Hey} {ya!} (oh, oh!) {Hey} {ya!} (oh, oh!)
98%
{Hey} {ya!} (y'all don't want to here me, ya just want to dance) {Hey} {ya!}
98%
My baby don't {mess} around
95%
Oh, you think you've {got} it
95%
You think you've {got} it
95%
Because she {loves} me so
91%
Don't try to fight the {feeling}
91%
But got it just don't get it when there's {nothin'} at all
89%
For sticking to {together}
89%
Now don't have me break this thang down for {nothin'}
89%
Oh, we get {together}
89%
We get {together}
89%
This I know {fo} {sho}!
88%
But does she {really} wanna
87%
{Thank} {God} for Mom and Dad
83%
But can't stand to see me {walk} {out} the door
81%
Because the thought {alone} is killin' me right now
76%
Like we don't {know} {how}
76%
{Shake} {it}, {shake} {it}, {shake} {it}, {shake} {it}
72%
{Shake} {it}, {shake} {it}, {shake} {it}, {shake} {it}, {shake} {it}
72%
{Shake} {it}, {shake} {it}, {shake} {it}, {shake} {it}, {shake} {it}
72%
{Shake} {it}, {shake} {it}, {shake} {it}, suga!
72%
Don't want to meet your {daddy} (oh ohh), just want you in my caddy (oh ohh)
71%
I can't hear ya! I say what's, what's cooler than being {cool}?
71%
Now, what cooler than being {cool}?
71%
Then what {makes} it, then what {makes} it
70%
Then what {makes} it, then what {makes} it
70%
Then what {makes} love the exception?
70%
{Ice} {cold}!
69%
{Ice} {cold}!
69%
Shake it like a {Polaroid} {picture}!
67%
Shake it like a {Polaroid} {picture}!
67%
Shake it like a {Polaroid} {picture}! Hey ya!
67%
Okay, now {ladies}!
66%
{Yea}?
66%
{Yea}?
66%
Lend me some sugar, I am your {neighbor}!
65%
I want to see you on your {badest} behavior!
62%
I'm just being {honest}!
61%
I'm (oh, oh) I'm (oh, oh) I'm just being {honest}! (oh, oh)
61%
{Alright} {alright} {alright} {alright} {alright} {alright} {alright} {alright} {alright} {alright} {alright} {alright} {alright} {alright} {alright} {alright}!
60%
Don't want to meet your momma, just want to make you {cum}-a (oh, oh!)
60%
Hey! alright now! alright now, {fellas}!
59%
Now we gonna break this thang down for just a few {seconds}
59%
So {why}, oh, {why}, oh
59%
{Why}, oh, {why}, oh, {why}, oh
59%
Get on tha {floor} get on tha {floor}!
55%
Know what they {say} -its
54%
Are we still in {denial} when we know we're not happy here
47%
But {separate}'s always better when there's feelings involved
45%
{Nothing} {lasts} {forever}!
35%
Now all the {Beyonce}'s, and Lucy Liu's, and baby dolls
34%
Ah! {Here} {we} {go} {now},
24%
Oh, {you}! oh, {you}!
15%

Score Distribution

Percentile by Number Answered

Percent of People with Each Score

Your Score History

You have not taken this quiz